[Event "TCh-FRA Top 12 2021"]
[Site "Chalons en Champagne FRA"]
[Date "2021.07.04"]
[Round "11.2"]
[Board "5"]
[White "Lemonnier, Remi"]
[Black "Cantin, Loic"]
[Result "0-1"]
[WhiteElo "2125"]
[BlackElo "2182"]
[WhiteTeam "Club 608 Paris"]
[BlackTeam "US Villejuif Echecs"]
[WhiteFideId "648280"]
[BlackFideId "679070"]
[EventDate "2021.06.24"]

1. e4 c5 2. Nf3 e6 3. d4 cxd4 4. Nxd4 Nc6 5. Nc3 Qc7 6. Be3 a6 7. Qf3 Nf6 8.
O-O-O Ne5 9. Qg3 b5 10. a3 Bb7 11. f3 Rc8 12. Kb1 Nc4 13. Qxc7 Rxc7 14. Bf4
Nxa3+ 15. Kc1 Rc8 16. e5 Ng8 17. Ne4 Bxe4 18. fxe4 Nc4 19. b3 Na5 20. Be2 Ne7
21. Rd3 Nec6 22. Kb2 Nxd4 23. Rxd4 g5 24. Bxg5 Rg8 25. h4 h6 26. Bf6 Rxg2 27.
Rd2 Bb4 28. Rhd1 Bxd2 29. Rxd2 Nc6 30. c3 b4 31. cxb4 Nxb4 32. Ka3 Rc2 33. Rd1
a5 0-1

[Event "TCh-FRA Top 12 2021"]
[Site "Chalons en Champagne FRA"]
[Date "2021.07.04"]
[Round "11.4"]
[Board "5"]
[White "Moussard, Jules"]
[Black "Hamdouchi, Hicham"]
[Result "1/2-1/2"]
[WhiteTitle "GM"]
[BlackTitle "GM"]
[WhiteElo "2635"]
[BlackElo "2561"]
[WhiteTeam "Asnieres Le Grand Echiquier"]
[BlackTeam "Clichy Echecs 92"]
[WhiteFideId "642908"]
[BlackFideId "9000011"]
[EventDate "2021.06.24"]

1. e4 c5 2. Nf3 Nf6 3. Nc3 Nc6 4. d4 cxd4 5. Nxd4 e5 6. Ndb5 d6 7. Nd5 Nxd5 8.
exd5 Nb8 9. a4 Be7 10. Bd2 O-O 11. a5 a6 12. Na3 Bf5 13. Nc4 Nd7 14. Be2 Rc8 15.
O-O Be4 16. Be3 Nf6 17. f3 Bg6 18. c3 Nd7 19. Ra4 f5 20. Rb4 Qc7 21. Kh1 Bf7 22.
Qd2 Nf6 23. Nb6 Rb8 24. c4 Kh8 25. Rb3 f4 26. Bf2 g5 27. Rc3 g4 28. Bh4 gxf3 29.
Bxf3 Bg6 30. c5 dxc5 31. Bxf6+ Bxf6 32. d6 Qg7 33. Rc4 Bd8 34. Re1 Bxb6 35. axb6
Qf6 36. d7 Rbd8 37. Rxc5 e4 38. Rxe4 Bxe4 39. Bxe4 Qxb6 40. Rh5 Rf7 41. Qc3+ Qf6
42. Rxh7+ Kg8 43. Qb3 Rxd7 44. h3 Kf8 45. Rh5 Qd4 46. Bf3 Qe3 47. Qc2 Qe1+ 48.
Kh2 Qg3+ 49. Kh1 Qe1+ 50. Kh2 Qg3+ 51. Kh1 1/2-1/2